Alle Parteien Albaniens - Statistiken

Allgemein
  • Dieses Quiz wurde 4 mal gespielt
  • Das Durchschnittsergebnis liegt bei 3 aus 10
Antwortstatistiken
Partei % Korrekt
Partia Demokratike Aleanca për Ndryshim
100%
Partia Demokratike e Shqipërisë
100%
Partia Socialiste e Shqipërisë
100%
Lëvizja Socialiste për Integrim
33%
Partia Agrare Ambientaliste
0%
Partia Bashkimi për të Drejtat e Njeriut
0%
Partia Lëvizja e Legalitetit
0%
Partia për Drejtësi, Integrim dhe Unitet
0%
Partia Republikane Shqiptare
0%
Partia Socialdemokrate e Shqipërisë
0%
Keine übereinstimmenden Quizze gefunden
Verteilung der Resultate
Anzahl Personen mit jedem Resultat
Perzentil nach korrekt beantworteten Fragen
Ihre Resultats-Entwicklung
Sie haben dieses Quiz noch nicht gespielt